| 000 | 00465nab a2200145Ia 4500 | ||
|---|---|---|---|
| 003 | ES-SlBCS | ||
| 005 | 20210601131740.0 | ||
| 008 | 140529s1932 xxu||||| |||| 00| 0 fre d | ||
| 041 | _afre | ||
| 100 | 1 |
_aVervaeck, Louis _9188525 |
|
| 245 | 0 | 0 |
_aL'évolution du régime pénitentiaire en Belgique _c Louis Vervaeck |
| 650 | 0 | 4 |
_aRégimen Penitenciario-Bélgica _9188526 |
| 773 | 0 |
_tVie Intelectuelle (La) _gvol. 15, nº. 3, 1932, págs. 394-408 _wRev907 |
|
| 942 | _cAR | ||
| 999 |
_c568120 _d568120 |
||